Pracovný čas, odpočinok a prekážky v práci
Novela Zákonníka práce účinná od 1. septembra 2011 sa dotkla aj ustanovení, ktoré upravujú pracovný čas, čas odpočinku vrátane dovoleniek a prekážok v práci. Najdôležitejšie zmeny a ich dosah na povinnosti zamestnávateľa
Salvato in:
| Autore principale: | |
|---|---|
| Natura: | Capitolo di libro |
| Lingua: | slovacco |
| Soggetti: | |
| Tags: |
Nessun Tag, puoi essere il primo ad aggiungerne!!
|
MARC
| LEADER | 00000naa a2200000 4500 | ||
|---|---|---|---|
| 001 | 0143421 | ||
| 005 | 20231114101633.9 | ||
| 041 | 0 | |a slo | |
| 044 | |a SK | ||
| 245 | 1 | 0 | |a Pracovný čas, odpočinok a prekážky v práci |c Katarína Timková |
| 520 | |a Novela Zákonníka práce účinná od 1. septembra 2011 sa dotkla aj ustanovení, ktoré upravujú pracovný čas, čas odpočinku vrátane dovoleniek a prekážok v práci. Najdôležitejšie zmeny a ich dosah na povinnosti zamestnávateľa | ||
| 610 | 2 | 0 | |a zákonník práce |
| 610 | 2 | 0 | |a novelizácia |
| 610 | 2 | 0 | |a čas pracovný |
| 610 | 2 | 0 | |a dovolenka |
| 610 | 2 | 0 | |a prekážky v práci |
| 610 | 2 | 0 | |a povinnosti pracovníkov |
| 610 | 2 | 0 | |a povinnosti zamestnávateľov |
| 100 | 1 | |a Timková, Katarína | |